Loading...
| Current Events | 1 | 20.00 | 0% | 200% | 200% |
| Fine Arts - Auditory | 5 | 12.00 | 160% | 80% | 80% |
| Fine Arts - Other | 5 | 10.00 | 0% | 80% | 120% |
| Fine Arts - Visual | 6 | 16.67 | 133% | 133% | 133% |
| Geography | 2 | 10.00 | 0% | 0% | 200% |
| History - American | 4 | 15.00 | 100% | 100% | 150% |
| History - European | 5 | 14.00 | 240% | 160% | 0% |
| History - Other | 5 | 16.00 | 240% | 120% | 80% |
| History - World | 7 | 11.43 | 114% | 86% | 86% |
| Literature - American | 4 | 10.00 | 300% | 0% | 50% |
| Literature - British | 6 | 11.67 | 400% | 33% | 0% |
| Literature - European | 4 | 20.00 | 300% | 200% | 50% |
| Literature - World | 6 | 16.67 | 200% | 133% | 100% |
| Mythology | 5 | 22.00 | 320% | 120% | 160% |
| Other Academic | 1 | 20.00 | 400% | 0% | 200% |
| Philosophy | 8 | 11.25 | 100% | 75% | 100% |
| Pop Culture | 2 | 20.00 | 200% | 100% | 200% |
| Religion | 5 | 14.00 | 240% | 80% | 80% |
| Science - Biology | 3 | 13.33 | 267% | 67% | 67% |
| Science - Chemistry | 4 | 15.00 | 100% | 100% | 150% |
| Science - Other | 7 | 12.86 | 229% | 29% | 114% |
| Science - Physics | 6 | 15.00 | 133% | 167% | 67% |
| Social Science | 4 | 15.00 | 100% | 150% | 100% |